ARRUPE JESUIT UNIVERSITY

CORONAVIRUS -STOP THE SPREAD - CLEAN,DISINFECT,COVER

Faith, Values and Sex and Relationships Education (Record no. 120652)

MARC details
000 -LEADER
fixed length control field 00510nam a22001577a 4500
008 - FIXED-LENGTH DATA ELEMENTS--GENERAL INFORMATION
fixed length control field 140606b xxu||||| |||| 00| 0 eng d
020 ## - INTERNATIONAL STANDARD BOOK NUMBER
International Standard Book Number 9781900990325
050 ## - LIBRARY OF CONGRESS CALL NUMBER
Classification number LC268.B636
100 ## - MAIN ENTRY--PERSONAL NAME
Personal name Blake, Simon and Katrak, Zarine
9 (RLIN) 10693
245 ## - TITLE STATEMENT
Title Faith, Values and Sex and Relationships Education
Statement of responsibility, etc Simon Blake and Zarine Katrak
260 ## - PUBLICATION, DISTRIBUTION, ETC. (IMPRINT)
Place of publication, distribution, etc London
Name of publisher, distributor, etc Sex Education Forum
Date of publication, distribution, etc 2002
300 ## - PHYSICAL DESCRIPTION
Extent 96p. ;
Dimensions 25cm.
650 ## - SUBJECT ADDED ENTRY--TOPICAL TERM
Topical term or geographic name as entry element Christian education
9 (RLIN) 10694
650 ## - SUBJECT ADDED ENTRY--TOPICAL TERM
Topical term or geographic name as entry element Sex education
9 (RLIN) 10695
942 ## - ADDED ENTRY ELEMENTS (KOHA)
Source of classification or shelving scheme Library of Congress Classification
Item type Monograph ( Printed materials)
Holdings
Withdrawn status Lost status Source of classification or shelving scheme Damaged status Not for loan Collection code Home library Current library Shelving location Date acquired Total Checkouts Full call number Barcode Date last seen Price effective from Koha item type
    Library of Congress Classification     Main Collection ARRUPE LIBRARY ARRUPE LIBRARY Main Collection 06/06/2014   LC268.B636 46500000610 28/06/2018 06/06/2014 Monograph ( Printed materials)

 

Arrupe Library. PO Box MP320 Mt Pleasant, Harare, Zimbabwe
263 242 745411|librarian@aju.ac.zw